[Event "Invitation"]
[Site "http://www.queenalice.com/game.php?id=17356"]
[Date "2005.6.25"]
[Round "-"]
[White "ca_belchior"]
[Black "xenofonte"]
[Result "0-1"]
[WhiteElo "754"]
[BlackElo "1259"]

1. c4 Nf6 2. c5 e6 3. d4 Nc6 4. Bg5 Be7 5. e3 d5 6. Bb5 Bd7 7. Nc3 O-O 8. e4 a6
9. Ba4 b5 10. Nxd5 exd5 11. Bb3 dxe4 12. d5 Ne5 0-1

[Event "AUTO-OPEN-100"]
[Site "http://www.queenalice.com/game.php?id=17797"]
[Date "2005.6.29"]
[Round "1"]
[White "xenofonte"]
[Black "Pestilence"]
[Result "0-1"]
[WhiteElo "1305"]
[BlackElo "1542"]

1. c4 b6 2. Nf3 Bb7 3. Nc3 e6 4. d4 Bb4 5. Bd2 Nf6 6. e3 d6 7. a3 Bxc3 8. Bxc3
h6 9. Bd3 Ne4 10. O-O Nxc3 11. bxc3 Nd7 12. d5 exd5 13. a4 Qf6 14. e4 dxe4 15.
Bxe4 Bxe4 16. Re1 Nc5 17. Qd2 O-O 18. Nd4 Rfe8 19. f3 Bxf3 20. gxf3 Qh4 21.
Rxe8+ Rxe8 22. Nf5 Qxc4 23. Rd1 Re2 24. Qd5 Qxc3 25. Ne7+ Kf8 26. Qd4 Qxf3 27.
Nd5 Qg2# 0-1

[Event "AUTO-OPEN-100"]
[Site "http://www.queenalice.com/game.php?id=17799"]
[Date "2005.6.29"]
[Round "1"]
[White "xenofonte"]
[Black "Catamarca"]
[Result "0-1"]
[WhiteElo "1298"]
[BlackElo "1224"]

1. f4 d5 2. e3 e6 3. Nf3 a6 4. Nc3 Bb4 5. Bd3 Bxc3 6. dxc3 Nf6 7. c4 dxc4 8.
Bxc4 Qxd1+ 9. Kxd1 O-O 10. Ne5 Rd8+ 11. Bd3 b5 12. a4 Bb7 13. Rg1 c5 14. axb5
axb5 15. Rxa8 Bxa8 16. Ke2 c4 17. Be4 Bxe4 18. b3 cxb3 19. cxb3 Nd5 20. Ba3 Nc3+
21. Kf2 Rd2+ 22. Ke1 Rd1+ 23. Kf2 Rxg1 24. Kxg1 Nc6 25. Nd7 Bd5 26. Nc5 Ne4 27.
h4 b4 28. Bb2 Nxc5 29. Bd4 Nxd4 30. exd4 Nxb3 31. Kf2 Nxd4 32. Ke3 Nf5+ 33. Kd3
Bxg2 34. h5 b3 35. Kc3 Bd5 36. Kb4 b2 37. Kc3 b1=Q 38. Kd2 Qb3 39. Ke2 Qc2+ 0-1

[Event "AUTO-OPEN-100"]
[Site "http://www.queenalice.com/game.php?id=17800"]
[Date "2005.6.29"]
[Round "1"]
[White "Catamarca"]
[Black "xenofonte"]
[Result "1-0"]
[WhiteElo "1747"]
[BlackElo "1272"]

1. e4 e5 2. Nf3 Nc6 3. Bc4 Nh6 4. d3 d6 5. Bxh6 gxh6 6. Bb5 Bd7 7. Nc3 Nd4 8.
Bxd7+ Qxd7 9. Nd5 Bg7 10. Nxd4 exd4 11. Qf3 Qb5 12. Nxc7+ Kd7 13. Nxb5 Raf8 14.
Qg4+ Ke7 15. O-O-O Be5 16. f4 Rfg8 17. Qh4+ Bf6 18. Qxh6 Rg6 19. Qh3 h5 20. Rde1
a6 21. Nxd6 Kxd6 22. e5+ Kd5 23. Qd7+ Kc5 24. exf6 Rxf6 25. Qc7+ Rc6 26. Re5+
Kb4 27. Qa5# 1-0

[Event "AUTO-OPEN-100"]
[Site "http://www.queenalice.com/game.php?id=17801"]
[Date "2005.6.29"]
[Round "1"]
[White "xenofonte"]
[Black "alib2004"]
[Result "0-1"]
[WhiteElo "1273"]
[BlackElo "1734"]

1. Nf3 d5 2. d3 c5 3. Nc3 Nf6 4. e4 dxe4 5. dxe4 Qxd1+ 6. Nxd1 Nxe4 7. Bb5+ Bd7
8. a4 a6 9. Bc4 e6 10. O-O Bd6 11. Bg5 Nxg5 12. Nxg5 h6 13. Ne4 f5 14. Nxd6+ Ke7
15. Nxb7 Ra7 16. Nxc5 Rc8 17. b4 a5 18. b5 Rxc5 19. Bd3 Rb7 20. f3 f4 21. Be4
Rb6 22. Ra3 e5 23. g4 fxg3 24. hxg3 Be6 25. c3 Nd7 26. Ne3 Nf6 27. Bg6 Rd6 28.
Rd1 Nd5 29. Re1 Nxc3 30. Nc2 Nxb5 31. Ra2 Bxa2 32. Ne3 Rxg6 0-1

[Event "AUTO-OPEN-100"]
[Site "http://www.queenalice.com/game.php?id=17802"]
[Date "2005.6.29"]
[Round "1"]
[White "alib2004"]
[Black "xenofonte"]
[Result "1-0"]
[WhiteElo "1696"]
[BlackElo "1287"]

1. e4 e5 2. Nf3 Nc6 3. Bc4 d6 4. d3 Nf6 5. Ng5 Bg4 6. f3 Bh5 7. g4 d5 8. Bxd5
Qe7 9. Bxc6+ bxc6 10. gxh5 Nxh5 11. Nc3 Rd8 12. Be3 h6 13. Nh3 Qh4+ 14. Nf2 Bb4
15. Bxa7 Ra8 16. Be3 Qe7 17. a3 Bc5 18. Bxc5 Qxc5 19. Qd2 Nf4 20. O-O-O g5 21.
h4 f6 22. hxg5 fxg5 23. d4 Qc4 24. dxe5 Ra5 25. Qd8+ Kf7 26. Rd7+ Ke6 27. Qe7#
1-0

[Event "Challenge"]
[Site "http://www.queenalice.com/game.php?id=24854"]
[Date "2005.8.19"]
[Round "-"]
[White "xenofonte"]
[Black "Reddaz"]
[Result "0-1"]
[WhiteElo "1272"]
[BlackElo "1414"]

1. d4 d5 2. Nf3 Nc6 3. Nc3 Nb4 4. a3 Nc6 5. Ne5 Bf5 6. e3 f6 7. Nxc6 bxc6 8. Ba6
Bc8 9. Qd3 Rb8 10. O-O Nh6 11. e4 e5 12. exd5 cxd5 13. Be3 Nf5 14. Bd2 Nxd4 15.
Rfe1 Nxc2 16. Qxc2 Bxa6 17. Qf5 Rxb2 18. Re2 Bc8 19. Qf3 Rb3 20. Qxd5 Qxd5 21.
Nxd5 c6 22. Nc7+ Kd8 23. Ba5 Kd7 24. Rd2+ Ke7 25. a4 Kf7 26. Rd8 Rb8 27. Rc1 h5
28. Rxc6 Rb1+ 29. Rd1 Rxd1+ 30. Be1 Rxe1# 0-1

[Event "AUTO-INT-39"]
[Site "http://www.queenalice.com/game.php?id=27228"]
[Date "2005.9.3"]
[Round "1"]
[White "xenofonte"]
[Black "monisha"]
[Result "1-0"]
[WhiteElo "1271"]
[BlackElo "1052"]

1. Nc3 Nf6 2. e4 e5 3. Bb5 a6 4. Bc4 Bc5 5. Nf3 Nc6 6. O-O d6 7. a4 Bg4 8. d3
Nd4 9. Be3 Nxf3+ 10. gxf3 Bh3 11. Re1 Bb4 12. f4 exf4 13. Bxf4 Bc5 14. Nd5 Nxd5
15. Bxd5 Qh4 16. Bg3 Qg5 17. Bxb7 Rb8 18. Bc6+ Kf8 19. d4 Ba7 20. Ra3 h5 21. Rf3
h4 22. c4 hxg3 23. Rxg3 Qf4 24. f3 Rxb2 25. Re2 Rb3 26. Qxb3 Qc1+ 27. Kf2 Qf1+
28. Ke3 Bxd4+ 29. Kxd4 Qxe2 30. Qb8+ Ke7 31. Qxh8 Qxh2 32. Rxg7 Qe5+ 33. Ke3
Qc3+ 34. Kf4 Qe5+ 35. Ke3 Qc5+ 36. Kf4 1-0

[Event "AUTO-INT-39"]
[Site "http://www.queenalice.com/game.php?id=27229"]
[Date "2005.9.3"]
[Round "1"]
[White "monisha"]
[Black "xenofonte"]
[Result "0-1"]
[WhiteElo "1045"]
[BlackElo "1278"]

1. e4 Nf6 2. Nc3 d6 3. d4 Bg4 4. Be2 h5 5. h3 Be6 6. Nf3 d5 7. exd5 Nxd5 8. Nxd5
Bxd5 9. c4 Be4 10. O-O e6 11. Bf4 Nc6 12. Re1 Bb4 13. Rf1 h4 14. Qb3 Rh5 15. a3
Ba5 16. Nd2 Nxd4 17. Qe3 Bf5 18. Qxd4 Qxd4 19. Be3 Qxd2 20. Bxd2 Bxd2 21. Bxh5
g6 22. Bf3 a5 23. Rad1 Rd8 24. Bxb7 Bc2 25. Ra1 Rd3 26. f3 Bf4 27. Rf2 Bb3 28.
Re1 Bxc4 29. Rc2 Bg3 30. Rec1 Bb3 31. Rxc7 Kf8 32. R7c3 Rd7 33. Rxb3 Bf4 34. Rc4
Bg3 35. Rc1 f5 36. Ba6 g5 0-1

[Event "AUTO-INT-39"]
[Site "http://www.queenalice.com/game.php?id=27230"]
[Date "2005.9.3"]
[Round "1"]
[White "xenofonte"]
[Black "volmar"]
[Result "0-1"]
[WhiteElo "1270"]
[BlackElo "1480"]

1. d3 d5 2. e4 dxe4 3. dxe4 Qxd1+ 4. Kxd1 e5 5. Bb5+ c6 6. Bd3 Nf6 7. Nf3 Nbd7
8. Be3 Bc5 9. Nc3 Bxe3 10. fxe3 Nc5 11. Nxe5 Be6 12. Rf1 O-O-O 13. a4 Nfxe4 14.
Nxe4 Nxe4 15. Rf4 f5 16. g4 g6 17. gxf5 gxf5 18. c4 Rhg8 19. Kc2 Rg2+ 20. Kb3
Nc5+ 21. Kb4 Nxd3+ 22. Nxd3 Rxd3 23. Re1 Rxb2+ 24. Kc5 Rxh2 25. Rg1 Ra2 26. Rg7
Rxe3 27. Rd4 Rxa4 28. Kd6 Rxc4 29. Rg8+ Bxg8 30. Rd2 Re6# 0-1

[Event "AUTO-INT-39"]
[Site "http://www.queenalice.com/game.php?id=27231"]
[Date "2005.9.3"]
[Round "1"]
[White "volmar"]
[Black "xenofonte"]
[Result "1-0"]
[WhiteElo "1494"]
[BlackElo "1279"]

1. e4 e5 2. Bc4 Nf6 3. Nc3 d6 4. Qf3 Be6 5. Bxe6 fxe6 6. d3 d5 7. Bg5 d4 8. Bxf6
gxf6 9. Qg4 dxc3 10. bxc3 f5 11. exf5 h5 12. Qg6+ Ke7 13. Qxe6# 1-0

[Event "AUTO-INT-39"]
[Site "http://www.queenalice.com/game.php?id=27232"]
[Date "2005.9.3"]
[Round "1"]
[White "xenofonte"]
[Black "hamid1"]
[Result "0-1"]
[WhiteElo "1272"]
[BlackElo "1437"]

1. d3 e5 2. e4 Qf6 3. Be3 Na6 4. Nc3 Bb4 5. a3 Bc5 6. Nd5 Qd6 7. Bg5 f6 8. Be3
Bd4 9. Bxd4 exd4 10. Qg4 g5 11. Qh5+ Kf8 12. c4 c6 13. Nb4 Nxb4 14. axb4 Qxb4+
15. Kd1 Qxb2 16. Rc1 Qxf2 17. Nh3 Qe3 18. Ng1 b5 19. Rc2 bxc4 20. dxc4 Rb8 21.
Qe2 Qa3 22. Nf3 c5 23. Ra2 Rb1+ 24. Kc2 Qxa2+ 25. Kd3 Rb3# 0-1

[Event "AUTO-INT-39"]
[Site "http://www.queenalice.com/game.php?id=27233"]
[Date "2005.9.3"]
[Round "1"]
[White "hamid1"]
[Black "xenofonte"]
[Result "1-0"]
[WhiteElo "1515"]
[BlackElo "1272"]

1. e3 Nc6 2. Nc3 e5 3. Bc4 d6 4. Qf3 Nf6 5. d4 e4 6. Nxe4 Be6 7. b3 Nb4 8. Kd1
Bg4 9. Nxf6+ Qxf6 10. Qxg4 Qxf2 11. Qe2 Qf5 12. e4 Qg5 13. Nf3 Qd8 14. h4 c5 15.
Bg5 f6 16. Bd2 cxd4 17. Bxb4 d5 18. Bb5+ Kf7 19. Bd2 a6 20. Bd3 Bd6 21. exd5 Rc8
22. Nxd4 Rc5 23. Ne6 Qe7 24. Nxc5 Be5 25. Qh5+ g6 26. Bxg6+ Kg7 27. Bh6+ Kg8 28.
Ne4 hxg6 29. Qxg6+ Qg7 30. Qxg7# 1-0

[Event "Challenge"]
[Site "http://www.queenalice.com/game.php?id=28515"]
[Date "2005.9.14"]
[Round "-"]
[White "cacobaju"]
[Black "xenofonte"]
[Result "1-0"]
[WhiteElo "1717"]
[BlackElo "1275"]

1. e4 e5 2. Nf3 d6 3. Bc4 Be6 4. Bxe6 fxe6 5. O-O d5 6. d3 Nf6 7. exd5 exd5 8.
Nxe5 Qe7 9. Re1 Nc6 10. Nxc6 bxc6 11. Rxe7+ Bxe7 12. Bg5 Nd7 13. Bxe7 Kxe7 14.
Nc3 Rhf8 15. Qg4 d4 16. Qxg7+ Rf7 17. Qg5+ Kd6 18. Ne4+ Ke6 19. Re1 Rf5 20. Ng3+
Re5 21. Rxe5+ Nxe5 22. Qf5+ Kd5 23. f4 Kc5 24. Qxe5+ Kb6 25. Qxd4+ c5 26. Qe4
Rd8 27. Qxh7 Re8 28. Qg6+ Kb7 29. Qxe8 c6 30. Ne4 1-0

[Event "AUTO-OPEN-145"]
[Site "http://www.queenalice.com/game.php?id=29194"]
[Date "2005.9.17"]
[Round "1"]
[White "razoman"]
[Black "xenofonte"]
[Result "1-0"]
[WhiteElo "1866"]
[BlackElo "1289"]

1. e4 Nf6 2. e5 Nd5 3. c4 Nf4 4. d4 d6 5. Bxf4 Nc6 6. exd6 exd6 7. Nf3 Bg4 8.
Be2 a5 9. a3 Be7 10. O-O h5 11. h3 Bf5 12. Bd3 Bxd3 13. Qxd3 a4 14. Re1 g5 15.
Bxg5 f6 16. Bxf6 Rh7 17. Qxh7 Kd7 18. Bxe7 Nxe7 19. Nc3 c5 20. dxc5 dxc5 21.
Rad1+ Kc7 22. Rxd8 Rxd8 23. Qxe7+ Rd7 24. Qxc5+ Kb8 25. Re8+ Rd8 26. Rxd8# 1-0

[Event "AUTO-OPEN-145"]
[Site "http://www.queenalice.com/game.php?id=29195"]
[Date "2005.9.17"]
[Round "1"]
[White "xenofonte"]
[Black "razoman"]
[Result "0-1"]
[WhiteElo "1277"]
[BlackElo "1878"]

1. e4 c5 2. Nc3 a6 3. a4 Nc6 4. d3 d6 5. Nf3 Bg4 6. Be2 Bxf3 7. Bxf3 Nd4 8. O-O
e6 9. Bd2 Nf6 10. g4 Be7 11. g5 Nd7 12. Bf4 e5 13. Bg3 Bxg5 14. h4 Bxh4 15. Bxh4
Qxh4 16. Re1 Nf6 17. Re3 Nxf3+ 18. Kf1 Qh1+ 19. Ke2 Nd4+ 20. Kd2 Qg2 21. Qg1
Qxg1 22. Rxg1 g6 23. Nd5 Nxd5 24. exd5 f5 25. c3 Nb3+ 26. Kc2 f4 27. Rh3 Kf7 28.
Kxb3 b5 29. a5 Rac8 30. Rg5 Kf6 31. Rg4 h5 32. Rg1 g5 33. c4 g4 34. Rh4 f3 35.
cxb5 axb5 36. Rgh1 Kg5 37. a6 Ra8 38. d4 exd4 39. R4h2 Rxa6 40. Re1 c4+ 41. Kc2
b4 42. Re7 b3+ 43. Kd2 Ra2 0-1